header

Reading for understanding (Record no. 142670)

MARC details
000 -LEADER
fixed length control field 01582nam a2200361 a 4500
082 04 - DEWEY DECIMAL CLASSIFICATION NUMBER
Classification number 428.4/3
245 10 - TITLE STATEMENT
Title Reading for understanding
260 ## - PUBLICATION, DISTRIBUTION, ETC. (IMPRINT)
Place of publication Santa Monica, Calif. :
Name of publisher Rand Science and Technology Policy Institute,
Year of publication 2002.
300 ## - PHYSICAL DESCRIPTION
Number of Pages xxv, 156 p. :
Other physical details ill.
500 ## - GENERAL NOTE
General note "Prepared for the Office of Educational Research and Improvement (OERI)."
650 #0 - SUBJECT ADDED ENTRY--TOPICAL TERM
Topical Term Reading comprehension
Topical Term Reading
700 1# - ADDED ENTRY--PERSONAL NAME
Personal name Snow, Cathy.
856 40 - ELECTRONIC LOCATION AND ACCESS
Uniform Resource Identifier http://site.ebrary.com/lib/rucke/Doc?id=10425059

No items available.

© 2026 Rongo University
Contact us: librarian | system librarian | Rongo university